| 000 | 01210cam a2200349 i 4500 | ||
|---|---|---|---|
| 999 |
_c200453922 _d72134 |
||
| 001 | 200453922 | ||
| 003 | TR-AnTOB | ||
| 005 | 20230816144907.0 | ||
| 007 | ta | ||
| 008 | 230815s2008 tu d b 000 0 tur d | ||
| 020 |
_a9789757631842 _q(paperback) |
||
| 035 | _a(TR-AnTOB)200453922 | ||
| 040 |
_aTR-AnTOB _beng _erda _cTR-AnTOB |
||
| 041 | 0 | _atur | |
| 060 |
_aWX 158.5 _bG973 2008 |
||
| 096 |
_aWX158.5 _bG973 2008 |
||
| 100 | 1 |
_aGülmez, Mustafa, _d1968- _eauthor _9142832 |
|
| 245 | 1 | 0 |
_aHastanelerde hasta tatmin düzeylerinin ölçümü : _bkarşılaştırmalı iki hastane örneği / _cDoç. Dr. Mustafa Gülmez, Yrd. Doç. Dr. Olgun Kitapçı. |
| 264 | 1 |
_aSivas : _bCumhuriyet Üniversitesi Yayınları, _c2008. |
|
| 300 |
_ax, 98 pages : _btables ; _c24 cm |
||
| 336 |
_atext _btxt _2rdacontent |
||
| 337 |
_aunmediated _bn _2rdamedia |
||
| 338 |
_avolume _bnc _2rdacarrier |
||
| 490 | 0 |
_aCumhuriyet Üniversitesi Yayınları ; _v109 |
|
| 504 | _aBIB | ||
| 650 | 2 |
_aPatient Satisfaction _94041 |
|
| 650 | 2 |
_aPatients _xpsychology _9142834 |
|
| 700 | 1 |
_aKitapçı, Olgun, _d1976-2023 _eauthor _9142835 |
|
| 710 | 2 |
_aCumhuriyet Üniversitesi _948203 |
|
| 942 |
_2NLM _cBK |
||